Les drapeaux d’Amérique du Sud - Statistiques

Statistiques générales
  • Ce quiz a été pris 76 fois
  • Le résultat moyen est 12 sur 13
Statistiques - réponses
Par images Réponse % Correct
Argentine
98%
Bresil
98%
Colombie
98%
Perou
95%
Uruguay
94%
Chili
92%
Paraguay
92%
Venezuela
92%
Suriname
85%
Bolivie
84%
Equateur
82%
Guyane
82%
Guyana
81%
Aucun quiz correspondant
Distribution des résultats
% des personnes avec chaque résultat
Percentile par nombre de réponses
Votre historique - résultats
Vous n’avez pas pris ce quiz